Spravodaj VÚIS

Bibliographic Details
Format: Journal
Language:Slovak
Published: Bratislava Výskumný ústav inžinierskych stavieb, ODIS VTEI $c 1978-[1989]
Subjects:

MARC

LEADER 00000cas a2200000 a 4500
001 vtls001271128
003 SK-MaSNL
005 20260228163739.0
008 970108d19781989xo r|p r 0 0b0slo
035 |a SNK000222229 
040 |a SNK  |b slo  |c SNK  |e AACR2 
041 0 |a slo 
044 |a xo  |c SK 
080 |a 624  |2 2011 
245 0 0 |a Spravodaj VÚIS 
246 1 3 |a Spravodaj Výskumného ústavu inžinierskych stavieb 
260 |a Bratislava  |b Výskumný ústav inžinierskych stavieb, ODIS VTEI $c 1978-[1989] 
310 |a 4x ro4ne 
362 0 |a Roč. 2 (1978)-roč. 12 (1989)  |z Bg. slov. periodík za r. 1971-1980 č. z. 1150 ; KE001/2009 
650 0 7 |a inžinierske staviteľstvo  |2 SNKPH  |9 725 
850 |a Slovenská národná knižnica v Martine 
910 |a snk 
999 |c 10739  |d 12669 
952 |0 0  |1 0  |4 0  |7 0  |a SNK  |b SNK  |d 2006-11-09  |i snkČSP 1232/83  |l 0  |o snkČSB 2813/6/1982  |p 17A0527614  |r 2026-02-21 20:05:01  |t č. 1-4  |w 2026-02-21  |y PREZ 
952 |0 0  |1 0  |4 0  |7 0  |a SNK  |b SNK  |d 2006-11-09  |i snkČSP 1087/82  |l 0  |o snkČSB 2813/5/1981  |p 17A0527187  |r 2026-02-21 20:05:01  |t č. 1-4  |w 2026-02-21  |y PREZ 
952 |0 0  |1 0  |4 0  |7 0  |a SNK  |b SNK  |d 1997-11-26  |l 0  |o snkČSB 2813/13-14/1990  |p 17A0110722  |r 2005-01-02 00:00:00  |w 2026-02-21  |y PREZ 
952 |0 0  |1 0  |4 0  |7 0  |a SNK  |b SNK  |d 1997-01-08  |l 0  |o snkČSB 2813/12(13)/1989  |p 17A0030440  |r 2005-01-01 00:00:00  |w 2026-02-21  |y PREZ